El triunfo: novela

Bewaard in:
Bibliografische gegevens
Hoofdauteur: Galbraith, John Kenneth
Formaat: Boek
Taal:Undetermined
Gepubliceerd in: Barcelona, España Plaza & Janes 1973
Onderwerpen:
Tags: Voeg label toe
Geen labels, Wees de eerste die dit record labelt!

MARC

LEADER 00000nam a2200000Ia 4500
008 170316s9999 xx 000 0 und d
040 |a cru BVZT 
090 |a 810 G-3t 
100 |a Galbraith, John Kenneth 
245 |a El triunfo: novela 
260 |a Barcelona, España 
260 |b Plaza & Janes 
260 |c 1973 
300 |a 204 páginas 
650 |a LITERATURA ESTADOUNIDENSE 
650 |a NOVELA 
999 |c 5681  |d 5681 
942 |c 15 D  |h 810 G-3t  |2 z